01005nam a22002651 450000100060000000300080000600500170001400800410003103500190007203500190009104000400011004100080015008200220015810000280018024500790020826000500028730000240033750400410036165000390040265100570044165100540049894200120055299900170056495201580058127799BD-RjUL20211209051213.0140327s1963 enk b 001 0 eng d a(BD-RjUL)27878 a(OCoLC)1396099 aDLCcOClUdOCoLCdDLCdBD-RjULbeng aeng00a914.551bMAS 19631 aMartines, Lauro.98533214aThe social world of the Florentine humanists, 1390-1460 /cLauro Martines. aLondon :bRoutledge & Kegan Paul Ltd.,c1963. ax, 419 p. :c22 cm. aBibliography: p. 381-397. and index. 0aHumanistszItalyzFlorence.985333 0aFlorence (Italy)xIntellectual lifeyTo 1500.985334 0aFlorence (Italy)xSocial life and customs.985335 2ddccBK c27799d27799 00102ddc40728NFICaRUCLbRUCLcReadingd1971-08-27eParamount Book Corporation.g41.25l0o914.551 MAS 1963r2014-03-27 00:00:00tC-1w2014-03-27yBK